Films avec un hôtel - Statistiques

Statistiques générales
  • Ce quiz a été pris 34 fois
  • Le résultat moyen est 7 sur 16
Statistiques - réponses
Par images Réponse % Correct
Shining
91%
Psychose
82%
The Grand Budapest Hotel
82%
Hotel Transylvania
79%
La grande Vadrouille
73%
Pretty Woman
64%
Le voyage de Chihiro
48%
Lost In Translation
48%
John Wick
42%
Certains l'aiment chaud
27%
Hôtel du Nord
27%
Barton Fink
12%
Hostel
12%
Las Vegas Parano
12%
Vertigo
12%
Sailor et Lula
9%
Aucun quiz correspondant
Distribution des résultats
% des personnes avec chaque résultat
Percentile par nombre de réponses
Votre historique - résultats
Vous n’avez pas pris ce quiz